[Event "Titled Tuesday intern op 30th Apr Early"]
[Site "Chess.com INT"]
[Date "2024.04.30"]
[Round "11"]
[White "Sickmann, Lisa"]
[Black "Anishka, Vikram"]
[Result "1/2-1/2"]
[WhiteElo "2050"]
[BlackElo "2036"]
[PlyCount "152"]
[EventDate "2024.04.30"]
[EventType "swiss (blitz)"]
[EventRounds "11"]
[EventCountry "USA"]
[SourceTitle "CB19_2024"]
[SourceDate "2024.05.08"]
[SourceVersion "1"]
[SourceVersionDate "2024.05.08"]
[SourceQuality "1"]

1. d4 Nf6 2. c4 e6 3. g3 d5 4. Bg2 Be7 5. Nf3 0-0 6. 0-0 c6 7. Nc3 b6 8. Qc2 Ba6 9. Ne5 Bxc4 10. Nxc4 dxc4 11. Rd1 Nd5 12. e4 Nb4 13. Qe2 Nd3 14. Be3 Qc7 15. b3 b5 16. bxc4 bxc4 17. Rab1 Na6 18. Qd2 Rab8 19. Bf1 Rxb1 20. Rxb1 Rb8 21. Bxd3 cxd3 22. Qxd3 Rxb1+ 23. Qxb1 Qb6 24. Qxb6 axb6 25. Kf1 Nb4 26. Ke2 Kf8 27. Kd2 Ke8 28. a3 Na6 29. Na4 Bxa3 30. Nxb6 c5 31. Nc4 Bb4+ 32. Kd3 cxd4 33. Bxd4 Nc5+ 34. Ke3 f6 35. Nd6+ Kd7 36. Nb5 Nb3 37. Bb2 Bd2+ 38. Ke2 Bb4 39. Nd4 Nc5 40. f3 Na4 41. Ba1 Bc3 42. Bxc3 Nxc3+ 43. Kd3 Na4 44. Kc4 Nb2+ 45. Kc3 Na4+ 46. Kb3 Nc5+ 47. Kc4 Na4 48. Kb4 Nb2 49. Kc3 Na4+ 50. Kb3 Nc5+ 51. Kc4 Na4 52. f4 Nb2+ 53. Kb3 Nd3 54. Kc3 Nf2 55. e5 fxe5 56. fxe5 Ng4 57. Nf3 h6 58. Kd3 Kc6 59. Ke4 Nf2+ 60. Ke3 Nd1+ 61. Kd2 Nf2 62. Ke3 Nd1+ 63. Kd2 Nf2 64. Ke2 Ne4 65. Ke3 Nc3 66. Kf4 Kd5 67. h4 g6 68. g4 Ne2+ 69. Ke3 Nc3 70. h5 g5 71. Kd3 Ne4 72. Ke3 Nc3 73. Kd3 Nd1 74. Ke2 Nc3+ 75. Kd2 Ne4+ 76. Ke3 Nc3 1/2-1/2

[Event "Titled Tuesday intern op 30th Apr Early"]
[Site "Chess.com INT"]
[Date "2024.04.30"]
[Round "6"]
[White "Subramanian, Anusha"]
[Black "Sickmann, Lisa"]
[Result "0-1"]
[WhiteElo "2033"]
[BlackElo "2050"]
[PlyCount "126"]
[EventDate "2024.04.30"]
[EventType "swiss (blitz)"]
[EventRounds "11"]
[EventCountry "USA"]
[SourceTitle "CB19_2024"]
[SourceDate "2024.05.08"]
[SourceVersion "1"]
[SourceVersionDate "2024.05.08"]
[SourceQuality "1"]

1. c4 e6 2. Nc3 d5 3. cxd5 exd5 4. d4 Nf6 5. Nf3 c6 6. Bg5 Be7 7. e3 0-0 8. Bd3 Nbd7 9. 0-0 Re8 10. Qc2 Nf8 11. Ne5 Ng4 12. Bxe7 Qxe7 13. Nxg4 Bxg4 14. h3 Bh5 15. a3 Bg6 16. b4 a6 17. Na4 Bxd3 18. Qxd3 Nd7 19. Rac1 Qd6 20. Nc5 Rab8 21. Rc2 Nb6 22. Rfc1 Nc4 23. a4 Qe7 24. Qb3 Ra8 25. b5 axb5 26. axb5 Ra3 27. Qb4 Rea8 28. bxc6 bxc6 29. e4 h6 30. e5 Ra1 31. Qc3 Rxc1+ 32. Rxc1 Qa7 33. e6 fxe6 34. Nxe6 Qa3 35. Qe1 Re8 36. Qe2 Qd6 37. Qf3 Qxe6 38. Qg3 Qe2 39. Qc7 Qe7 40. Qxc6 Qe6 41. Qc5 Rc8 42. Qb4 Qe2 43. Qb1 Qd2 44. Qf5 Qxc1+ 45. Kh2 Rf8 46. Qxd5+ Kh8 47. Qe4 Qf4+ 48. Qxf4 Rxf4 49. Kg3 Rxd4 50. f3 Rd5 51. Kf2 g5 52. g4 Kg7 53. Kg3 Kf6 54. h4 Ke5 55. hxg5 hxg5 56. Kf2 Rd2+ 57. Ke1 Kf4 58. Kf1 Kxf3 59. Ke1 Ke3 60. Kf1 Re2 61. Kg1 Kf3 62. Kh1 Kg3 63. Kg1 Re1# 0-1

[Event "Werther Schloss op 27th"]
[Site "Werther"]
[Date "2024.03.21"]
[Round "1"]
[White "Bilovil, Bogdan"]
[Black "Sickmann, Lisa"]
[Result "1-0"]
[WhiteElo "2407"]
[BlackElo "2080"]
[PlyCount "111"]
[EventDate "2024.03.21"]
[EventType "swiss"]
[EventRounds "7"]
[EventCountry "GER"]
[SourceTitle "CB13_2024"]
[SourceDate "2024.03.27"]
[SourceVersion "1"]
[SourceVersionDate "2024.03.27"]
[SourceQuality "1"]

1. d4 d5 2. c4 e6 3. Nf3 Nf6 4. Bg5 Be7 5. e3 0-0 6. Qc2 c5 7. Nc3 Qa5 8. 0-0-0 cxd4 9. exd4 Nc6 10. h4 dxc4 11. Bxc4 Bd7 12. a3 Rac8 13. Kb1 b5 14. Bxb5 a6 15. Ne5 Nxd4 16. Qa4 Qxa4 17. Bxa4 Bxa4 18. Nxa4 Nc6 19. Bxf6 gxf6 20. Nd7 Rfd8 21. Nab6 Rc7 22. Rc1 Bd6 23. Nxf6+ Kg7 24. Ne4 Bf4 25. Rc2 Nd4 26. Rxc7 Bxc7 27. Na4 f5 28. Nec5 a5 29. Rd1 Kf6 30. Nb7 Rd7 31. Nbc5 Rd8 32. Na6 Be5 33. N4c5 Ke7 34. b4 axb4 35. Nxb4 Ra8 36. f4 Bf6 37. Rd3 Kf7 38. Ka2 Be7 39. Rxd4 Bxc5 40. Rd7+ Kf6 41. Kb3 Ra7 42. Rxa7 Bxa7 43. a4 h5 44. a5 Bg1 45. Nc6 e5 46. Nxe5 Ke6 47. Kc4 Be3 48. Kd3 Bf2 49. a6 Kd5 50. Ke2 Ba7 51. Kf3 Kc5 52. Nd7+ Kb5 53. Nf6 Kxa6 54. Nxh5 Bd4 55. Ng3 Bf6 56. Nxf5 1-0

[Event "GER-ch (Women) op"]
[Site "Augsburg"]
[Date "2024.03.07"]
[Round "3"]
[White "Buchholz, Maja Patricia"]
[Black "Sickmann, Lisa"]
[Result "1-0"]
[WhiteElo "1948"]
[BlackElo "2080"]
[PlyCount "55"]
[EventDate "2024.03.06"]
[EventType "swiss"]
[EventRounds "9"]
[EventCountry "GER"]
[SourceTitle "CB12_2024"]
[SourceDate "2023.10.01"]
[SourceVersion "1"]
[SourceVersionDate "2023.10.01"]
[SourceQuality "1"]

1. c4 e5 2. g3 Nf6 3. Bg2 d5 4. cxd5 Nxd5 5. Nc3 Nb6 6. Nf3 Nc6 7. 0-0 Be7 8. a3 a5 9. Rb1 0-0 10. b4 axb4 11. axb4 Bf5 12. b5 Nd4 13. d3 Nxf3+ 14. Bxf3 Ra7 15. Qc2 Qd7 16. Be3 Bg4 17. Bxg4 Qxg4 18. Nd5 Nxd5 19. Bxa7 b6 20. Qc6 Rd8 21. e3 Qc8 22. Rfc1 Ba3 23. Rc2 Rd6 24. Qc4 Qa8 25. Ra2 Qxa7 26. Rba1 g6 27. Rxa3 Qb7 28. Ra7 1-0

[Event "GER-chT U20 Girls"]
[Site "Magdeburg"]
[Date "2023.12.28"]
[Round "3.2"]
[White "Wilmink, Anna"]
[Black "Sickmann, Lisa"]
[Result "1/2-1/2"]
[WhiteElo "1826"]
[BlackElo "1883"]
[PlyCount "60"]
[EventDate "2023.12.26"]
[EventType "team-swiss"]
[EventRounds "7"]
[EventCountry "GER"]
[SourceTitle "CB03_2024"]
[SourceDate "2024.01.17"]
[SourceVersion "1"]
[SourceVersionDate "2024.01.17"]
[SourceQuality "1"]
[WhiteTeam "Nordhorn Blanke"]
[BlackTeam "Luebeck"]
[WhiteTeamCountry "GER"]
[BlackTeamCountry "GER"]

1. e4 e5 2. Nf3 Nc6 3. d4 exd4 4. Nxd4 Nf6 5. Nc3 Bb4 6. Nxc6 bxc6 7. Bd3 d5 8. exd5 cxd5 9. 0-0 0-0 10. Bg5 c6 11. Qf3 Bxc3 12. bxc3 Qd6 13. h3 Re8 14. Rfe1 Bd7 15. Bf4 Qc5 16. Be5 Qe7 17. Re3 Ne4 18. Bh2 f5 19. c4 Qf6 20. Rae1 Rac8 21. Qd1 d4 22. R3e2 Nc3 23. Rxe8+ Rxe8 24. Rxe8+ Bxe8 25. Qe1 Bd7 26. Qe5 Qxe5 27. Bxe5 Nxa2 28. Bxd4 a5 29. Kf1 Nb4 30. Ke2 Nxd3 1/2-1/2

[Event "GER-chT U20 Girls"]
[Site "Magdeburg"]
[Date "2023.12.27"]
[Round "1.3"]
[White "Schubert, Arlene"]
[Black "Sickmann, Lisa"]
[Result "0-1"]
[WhiteElo "1545"]
[BlackElo "1883"]
[PlyCount "68"]
[EventDate "2023.12.26"]
[EventType "team-swiss"]
[EventRounds "7"]
[EventCountry "GER"]
[SourceTitle "CB03_2024"]
[SourceDate "2024.01.17"]
[SourceVersion "1"]
[SourceVersionDate "2024.01.17"]
[SourceQuality "1"]
[WhiteTeam "Annaberg Buchholz"]
[BlackTeam "Luebeck"]
[WhiteTeamCountry "GER"]
[BlackTeamCountry "GER"]

1. e4 e5 2. Nf3 Nc6 3. Bc4 Bc5 4. c3 Nf6 5. d4 exd4 6. cxd4 Bb4+ 7. Bd2 Nxe4 8. Bxb4 Nxb4 9. Bxf7+ Kxf7 10. Qb3+ d5 11. Qxb4 Rf8 12. 0-0 Kg8 13. Nc3 c5 14. dxc5 Rxf3 15. Nxe4 Rf4 16. Rad1 Qe7 17. Qd2 Rxe4 18. Qxd5+ Kf8 19. Rd3 g6 20. a3 Bf5 21. c6 bxc6 22. Qxc6 Rc8 23. Qd5 Re5 24. Qf3 Kg7 25. Rc3 Re8 26. Rcc1 Be4 27. Qg3 Kg8 28. f3 Bd3 29. Rfd1 Rc5 30. Rxc5 Qxc5+ 31. Qf2 Re3 32. h3 Qe5 33. Rc1 Kg7 34. Qd2 Bb5 0-1

[Event "GER-chT Lands U20"]
[Site "Hannover"]
[Date "2023.10.05"]
[Round "7"]
[White "Tarasenko, Nazar"]
[Black "Sickmann, Lisa"]
[Result "0-1"]
[WhiteElo "1888"]
[BlackElo "1739"]
[PlyCount "102"]
[EventDate "2023.10.01"]
[EventType "team-swiss"]
[EventRounds "7"]
[EventCountry "GER"]
[SourceTitle "EXT 2024"]
[Source "ChessBase"]
[SourceDate "2023.10.10"]
[SourceVersion "1"]
[SourceVersionDate "2023.10.10"]
[SourceQuality "1"]

1. c4 e5 2. d3 Nf6 3. Nf3 Nc6 4. a3 a5 5. e3 d5 6. cxd5 Nxd5 7. Be2 Be7 8. 0-0 0-0 9. d4 exd4 10. Nxd4 Nxd4 11. Qxd4 Bf6 12. Qd2 Be6 13. e4 Nb6 14. Qc2 a4 15. Be3 Qd7 16. Nd2 Rfd8 17. Rac1 Rac8 18. Nf3 Bb3 19. Qb1 Qe6 20. Bf4 Nc4 21. Bxc4 Bxc4 22. Rfd1 Rxd1+ 23. Rxd1 Qg4 24. Ne5 Qxf4 25. Nxc4 Re8 26. e5 Bxe5 27. Nxe5 Qxe5 28. g3 g6 29. Qc2 b5 30. Qc6 Re6 31. Qc2 Kg7 32. Rc1 c6 33. Qc3 Qxc3 34. Rxc3 Kf6 35. Rf3+ Ke7 36. Kg2 f5 37. Rd3 Re2 38. b3 axb3 39. Rxb3 Kd6 40. Rd3+ Kc7 41. Kf1 Re6 42. h3 h5 43. g4 hxg4 44. hxg4 fxg4 45. Rd4 c5 46. Rxg4 c4 47. a4 Kb6 48. axb5 Kxb5 49. Rd4 c3 50. Rd3 c2 51. Rc3 Rc6 0-1

[Event "GER-chT Lands U20"]
[Site "Hannover"]
[Date "2023.10.04"]
[Round "6"]
[White "Glowiak, Alexandra"]
[Black "Sickmann, Lisa"]
[Result "1/2-1/2"]
[WhiteElo "1672"]
[BlackElo "1739"]
[PlyCount "93"]
[EventDate "2023.10.01"]
[EventType "team-swiss"]
[EventRounds "7"]
[EventCountry "GER"]
[SourceTitle "EXT 2024"]
[Source "ChessBase"]
[SourceDate "2023.10.10"]
[SourceVersion "1"]
[SourceVersionDate "2023.10.10"]
[SourceQuality "1"]

1. e4 e5 2. Nf3 Nc6 3. Bc4 Bc5 4. c3 Nf6 5. d3 a6 6. Bb3 0-0 7. Nbd2 Re8 8. h3 h6 9. 0-0 d5 10. Re1 Be6 11. exd5 Bxd5 12. c4 Be6 13. Nxe5 Bxf2+ 14. Kxf2 Qd4+ 15. Kg3 Nxe5 16. Nf3 Nxf3 17. Qxf3 g5 18. Kh2 Bg4 19. Rxe8+ Rxe8 20. Qg3 Bf5 21. Bd2 Qxd3 22. Qxd3 Bxd3 23. Rd1 Be2 24. Re1 Bh5 25. Rf1 Ne4 26. Bb4 c5 27. Ba5 Re6 28. Bc2 Nd6 29. b3 Bg6 30. Bd1 Kf8 31. Bf3 b5 32. Bd5 Re2 33. Bb6 Be4 34. Bxe4 Nxe4 35. cxb5 axb5 36. a4 bxa4 37. bxa4 c4 38. a5 Ra2 39. Rd1 c3 40. Rd8+ Ke7 41. Rc8 f5 42. Bd4 c2 43. Be3 Ra3 44. Bc1 Rc3 45. Rxc3 Nxc3 46. a6 Nb5 47. Kg3 1/2-1/2

[Event "GER-chT Lands U20"]
[Site "Hannover"]
[Date "2023.10.03"]
[Round "5"]
[White "Sickmann, Lisa"]
[Black "Junge, Mattheo Gabriel"]
[Result "1-0"]
[WhiteElo "1739"]
[BlackElo "1450"]
[PlyCount "99"]
[EventDate "2023.10.01"]
[EventType "team-swiss"]
[EventRounds "7"]
[EventCountry "GER"]
[SourceTitle "EXT 2024"]
[Source "ChessBase"]
[SourceDate "2023.10.10"]
[SourceVersion "1"]
[SourceVersionDate "2023.10.10"]
[SourceQuality "1"]

1. e4 c6 2. d4 d5 3. Nc3 dxe4 4. Nxe4 Nf6 5. Nxf6+ exf6 6. c3 Bd6 7. Bd3 0-0 8. Ne2 Re8 9. Qc2 h5 10. 0-0 h4 11. h3 Nd7 12. c4 Nf8 13. Be3 Bd7 14. Nc3 Rc8 15. Rfd1 Bb8 16. d5 cxd5 17. Nxd5 Bc6 18. Bf5 Bxd5 19. Rxd5 Qc7 20. Rc1 Qh2+ 21. Kf1 Rcd8 22. Rxd8 Rxd8 23. Qe4 g6 24. Qe7 Bf4 25. Bc2 Bxe3 26. Qxe3 Qh1+ 27. Ke2 Qxg2 28. Be4 Qxh3 29. Qxh3 Ne6 30. Qe3 g5 31. Kf1 Kg7 32. Bd5 Nf4 33. Qe7 Rf8 34. Re1 h3 35. Kg1 h2+ 36. Kxh2 Rh8+ 37. Kg1 Nh3+ 38. Kf1 Rf8 39. Qxb7 Nf4 40. Re7 Rh8 41. Rxf7+ Kg6 42. Be4+ Kh5 43. Rh7+ Rxh7 44. Qxh7+ Kg4 45. c5 a5 46. c6 a4 47. c7 Ne6 48. c8B a3 49. Bxe6+ Kf4 50. Qf5# 1-0

[Event "GER-chT Lands U20"]
[Site "Hannover"]
[Date "2023.10.01"]
[Round "1"]
[White "Sheng, Ming"]
[Black "Sickmann, Lisa"]
[Result "0-1"]
[WhiteElo "1705"]
[BlackElo "1739"]
[PlyCount "76"]
[EventDate "2023.10.01"]
[EventType "team-swiss"]
[EventRounds "7"]
[EventCountry "GER"]
[SourceTitle "EXT 2024"]
[Source "ChessBase"]
[SourceDate "2023.10.10"]
[SourceVersion "1"]
[SourceVersionDate "2023.10.10"]
[SourceQuality "1"]

1. e4 e5 2. Nf3 Nc6 3. Bc4 Bc5 4. c3 Nf6 5. d3 a6 6. 0-0 d6 7. a4 0-0 8. Re1 h6 9. h3 Re8 10. Nbd2 Be6 11. Bxe6 Rxe6 12. Nc4 d5 13. exd5 Qxd5 14. Ne3 Qd7 15. b4 Bxe3 16. Bxe3 Rd8 17. d4 e4 18. Nh2 Nd5 19. Qc2 b5 20. axb5 axb5 21. Bd2 f5 22. f3 e3 23. Bc1 f4 24. Bb2 Rf8 25. Rad1 Nce7 26. c4 Rc6 27. c5 h5 28. Bc3 Rg6 29. Kh1 Nf5 30. Nf1 Nh4 31. Re2 Nxc3 32. Qxc3 Nxg2 33. Qc2 Qxh3+ 34. Nh2 Nh4 35. Qa2+ Kh7 36. Rg1 Rxg1+ 37. Kxg1 Rf6 38. Qc2+ Rg6+ 0-1

[Event "Bad Pyrmont Pape op-A 2nd"]
[Site "Bad Pyrmont"]
[Date "2023.08.13"]
[Round "7"]
[White "Sickmann, Lisa"]
[Black "Reins, Henning"]
[Result "0-1"]
[WhiteElo "1739"]
[BlackElo "1942"]
[PlyCount "74"]
[EventDate "2023.08.10"]
[EventType "swiss"]
[EventRounds "7"]
[EventCountry "GER"]
[SourceTitle "EXT 2024"]
[Source "ChessBase"]
[SourceDate "2023.10.10"]
[SourceVersion "1"]
[SourceVersionDate "2023.10.10"]
[SourceQuality "1"]

1. e4 d6 2. d4 Nf6 3. Nc3 e5 4. Nf3 exd4 5. Nxd4 g6 6. Bc4 Bg7 7. 0-0 0-0 8. f3 Nc6 9. Be3 Re8 10. a4 Nxd4 11. Bxd4 Be6 12. Be2 Bh6 13. f4 Bg7 14. f5 Bd7 15. fxg6 hxg6 16. Bc4 Be6 17. Bxe6 Rxe6 18. Qf3 Qe7 19. Bxf6 Qxf6 20. Qxf6 Bxf6 21. Rxf6 Rxf6 22. Nd5 Kg7 23. Nxf6 Kxf6 24. Rf1+ Ke6 25. h4 Rh8 26. g3 Rh5 27. b3 Re5 28. Rf4 f6 29. Kf2 g5 30. Rg4 Kf7 31. Kf3 a5 32. c3 Kg6 33. b4 b6 34. b5 Kh6 35. Kf2 Kh5 36. Kf3 Rc5 37. e5 Rxc3+ 0-1

[Event "Bad Pyrmont Pape op-A 2nd"]
[Site "Bad Pyrmont"]
[Date "2023.08.12"]
[Round "5"]
[White "Sickmann, Lisa"]
[Black "Helmer, Jan"]
[Result "0-1"]
[WhiteElo "1739"]
[BlackElo "2123"]
[PlyCount "82"]
[EventDate "2023.08.10"]
[EventType "swiss"]
[EventRounds "7"]
[EventCountry "GER"]
[SourceTitle "EXT 2024"]
[Source "ChessBase"]
[SourceDate "2023.10.10"]
[SourceVersion "1"]
[SourceVersionDate "2023.10.10"]
[SourceQuality "1"]

1. e4 c5 2. Nf3 Nc6 3. d4 cxd4 4. Nxd4 e5 5. Nb5 d6 6. c4 Be6 7. N1c3 a6 8. Na3 Nf6 9. Nc2 g6 10. Bd3 Bg7 11. 0-0 0-0 12. f3 Rc8 13. b3 b5 14. cxb5 Na7 15. Bb2 Qb6+ 16. Kh1 axb5 17. Qd2 Rfd8 18. Qe3 Qb7 19. Nb4 Rc5 20. Rfd1 h5 21. Be2 Qe7 22. Nxb5 Nxb5 23. Bxb5 Rxb5 24. Nc6 Qe8 25. Nxd8 Qxd8 26. Qd3 Rb6 27. Bxe5 Ng4 28. Bd4 Rb4 29. Bc5 Bxa1 30. fxg4 Rb8 31. Bxd6 Rb6 32. e5 Qa8 33. Rxa1 Rxb3 34. Qd4 Rh3 35. a4 hxg4 36. Rb1 Qc6 37. Rb8+ Kh7 38. Rb6 Qc1+ 39. Qg1 Rxh2+ 40. Kxh2 g3+ 41. Kxg3 Qxg1 0-1

[Event "GER-ch U14"]
[Site "Willingen"]
[Date "2023.06.01"]
[Round "7"]
[White "Blodig, Vincent"]
[Black "Sickmann, Lisa"]
[Result "1-0"]
[WhiteElo "1580"]
[BlackElo "1892"]
[PlyCount "103"]
[EventDate "2023.05.27"]
[EventType "swiss"]
[EventRounds "9"]
[EventCountry "GER"]
[SourceTitle "CBM 214 Extra"]
[Source "ChessBase"]
[SourceDate "2023.07.31"]
[SourceVersion "1"]
[SourceVersionDate "2023.07.31"]
[SourceQuality "1"]

1. e4 e5 2. Nf3 Nc6 3. Bc4 Bc5 4. 0-0 Nf6 5. d3 h6 6. Re1 0-0 7. c3 d6 8. h3 a6 9. a4 a5 10. Nbd2 Re8 11. Qb3 Qe7 12. Nf1 Rb8 13. Be3 Bxe3 14. Nxe3 Be6 15. Nh4 g6 16. Nf3 Bxc4 17. Nxc4 Qd7 18. Qb5 b6 19. Ne3 Rbd8 20. b4 axb4 21. cxb4 d5 22. Rec1 Re6 23. exd5 Nxd5 24. Nxd5 Qxd5 25. Qxd5 Rxd5 26. b5 Nd4 27. Nxd4 Rxd4 28. Rxc7 Rxd3 29. Rac1 Kf8 30. Kf1 Ke8 31. Ke2 Rd4 32. Ra7 Rd7 33. Ra6 Ke7 34. Rc6 Rb7 35. Ke3 h5 36. Ke4 f5+ 37. Kd5 Rd7+ 38. Kc4 Rd4+ 39. Kb3 Rxc6 40. bxc6 Kd6 41. Rxb6 Kc7 42. Rb5 Kxc6 43. Rxe5 Kd6 44. Re2 g5 45. a5 Kc6 46. Ra2 h4 47. a6 Rd8 48. a7 Ra8 49. Kc4 g4 50. Kd4 f4 51. f3 gxh3 52. gxh3 1-0

[Event "GER-ch U14"]
[Site "Willingen"]
[Date "2023.05.31"]
[Round "6"]
[White "Sickmann, Lisa"]
[Black "Chugunov, Ivan"]
[Result "0-1"]
[WhiteElo "1892"]
[BlackElo "1670"]
[PlyCount "124"]
[EventDate "2023.05.27"]
[EventType "swiss"]
[EventRounds "9"]
[EventCountry "GER"]
[SourceTitle "CBM 214 Extra"]
[Source "ChessBase"]
[SourceDate "2023.07.31"]
[SourceVersion "1"]
[SourceVersionDate "2023.07.31"]
[SourceQuality "1"]

1. e4 c5 2. Nf3 e6 3. d4 cxd4 4. Nxd4 Nc6 5. Nc3 Qc7 6. Be3 a6 7. Be2 Nf6 8. 0-0 b5 9. a3 Bb7 10. f4 d6 11. f5 Nxd4 12. Qxd4 Be7 13. Bf3 0-0 14. g4 Nd7 15. g5 Ne5 16. Bg2 Rfe8 17. f6 Bf8 18. Rad1 Ng4 19. h3 Nxe3 20. Qxe3 d5 21. Kh1 g6 22. e5 Rac8 23. Rd2 d4 24. Qxd4 Red8 25. Qe3 Rxd2 26. Qxd2 Bxg2+ 27. Kxg2 Qxe5 28. Re1 Qf5 29. Ne4 Rc4 30. Qd3 h5 31. c3 Qe5 32. Re2 Kh7 33. b3 Rc6 34. a4 bxa4 35. bxa4 Qd5 36. Re3 Qa2+ 37. Re2 Qxa4 38. Qd7 Kg8 39. Qe8 Rc4 40. Qxa4 Rxa4 41. Kf3 Ra5 42. Rc2 Rf5+ 43. Kg3 Bc5 44. h4 Bb6 45. Re2 Bc7+ 46. Kg2 Kf8 47. c4 Ke8 48. c5 Kd7 49. Rd2+ Rd5 50. Ra2 a5 51. Kf3 Rd3+ 52. Ke2 Rh3 53. Rd2+ Kc6 54. Rd1 Rxh4 55. Nd6 Bxd6 56. Rxd6+ Kc7 57. Ra6 Rb4 58. Rxa5 Kc6 59. Ra8 Kxc5 60. Rh8 Rb7 61. Ke3 Kd5 62. Rh7 Ke5 0-1

[Event "GER-ch U14"]
[Site "Willingen"]
[Date "2023.05.30"]
[Round "4"]
[White "Noennig, Jakob1111"]
[Black "Sickmann, Lisa"]
[Result "0-1"]
[WhiteElo "1736"]
[BlackElo "1892"]
[PlyCount "90"]
[EventDate "2023.05.27"]
[EventType "swiss"]
[EventRounds "9"]
[EventCountry "GER"]
[SourceTitle "CBM 214 Extra"]
[Source "ChessBase"]
[SourceDate "2023.07.31"]
[SourceVersion "1"]
[SourceVersionDate "2023.07.31"]
[SourceQuality "1"]

1. e4 e5 2. Nf3 Nc6 3. Bc4 Bc5 4. c3 Nf6 5. d4 exd4 6. e5 d5 7. Bb5 Ne4 8. cxd4 Bb6 9. Nc3 0-0 10. Be3 Bd7 11. Bd3 Bg4 12. Be2 f5 13. exf6 Nxf6 14. 0-0 Qd6 15. Rc1 Rae8 16. h3 Bh5 17. Ne1 Bxe2 18. Nxe2 Ne4 19. Nd3 Qe7 20. Nc5 Nxf2 21. Bxf2 Qxe2 22. Qb3 Qh5 23. Rcd1 Na5 24. Qc3 Nc4 25. Rde1 Bxc5 26. dxc5 Re2 27. Bd4 Rxf1+ 28. Rxf1 Nd2 29. Qg3 Qg6 30. Qxg6 hxg6 31. a4 Nxf1 32. Kxf1 Re4 33. Bc3 Rxa4 34. b4 Ra2 35. g3 Kf7 36. Ke1 Ke6 37. Bd2 Kf5 38. Bf4 c6 39. Bd6 Ke4 40. Bf8 d4 41. Bxg7 d3 42. Bh6 Rb2 43. h4 Kf3 44. Bf4 Rxb4 45. Kd2 Rxf4 0-1

[Event "GER-ch U12 Girls"]
[Site "Willingen"]
[Date "2022.06.05"]
[Round "2"]
[White "Vogt, Luna"]
[Black "Sickmann, Lisa"]
[Result "0-1"]
[WhiteElo "1334"]
[BlackElo "1660"]
[PlyCount "76"]
[EventDate "2022.06.04"]
[EventType "swiss"]
[EventRounds "9"]
[EventCountry "GER"]
[SourceTitle "CBM 208 Extra"]
[Source "ChessBase"]
[SourceDate "2022.07.31"]
[SourceVersion "1"]
[SourceVersionDate "2022.07.31"]
[SourceQuality "1"]

1. d4 d5 2. c4 e6 3. Nc3 Nf6 4. cxd5 exd5 5. Bg5 Be7 6. e3 c6 7. Bd3 h6 8. Bh4 0-0 9. Nge2 Nbd7 10. 0-0 Ne4 11. Bxe7 Qxe7 12. Bxe4 dxe4 13. Qc2 Nf6 14. Rfd1 Bg4 15. h3 Bxe2 16. Nxe2 Rad8 17. Rac1 Rfe8 18. Nf4 g5 19. Ne2 g4 20. Nf4 gxh3 21. Nxh3 Nd5 22. a3 Rd6 23. Qe2 Rg6 24. g3 Kh7 25. Kh2 Qe6 26. Rh1 Reg8 27. Rcg1 Qf5 28. Rg2 b5 29. Rf1 Rf6 30. Rfg1 Qf3 31. Re1 Qf5 32. Reg1 Qe6 33. Nf4 Nxf4 34. gxf4 Rfg6 35. f3 Qf6 36. Rxg6 Qh4+ 37. Kg2 Rxg6+ 38. Kf1 Qh3+ 0-1

[Event "GER-chT Lands U20"]
[Site "Neumuenster"]
[Date "2021.10.05"]
[Round "6.4"]
[White "Sickmann, Lisa"]
[Black "Oellrich, Emma"]
[Result "1-0"]
[WhiteElo "1531"]
[BlackElo "1487"]
[PlyCount "79"]
[EventDate "2021.10.01"]
[EventType "team-swiss"]
[EventRounds "7"]
[EventCountry "GER"]
[SourceTitle "CBM 204 Extra"]
[Source "ChessBase"]
[SourceDate "2021.11.30"]
[SourceVersion "1"]
[SourceVersionDate "2021.11.30"]
[SourceQuality "1"]
[WhiteTeam "Schleswig Holstein"]
[BlackTeam "Niedersachsen"]
[WhiteTeamCountry "GER"]
[BlackTeamCountry "GER"]

1. e4 e6 2. d4 d5 3. Bd3 dxe4 4. Bxe4 Nf6 5. Bf3 c5 6. Ne2 cxd4 7. Qxd4 Qxd4 8. Nxd4 Bc5 9. Nb3 Bb6 10. 0-0 0-0 11. Nc3 Nbd7 12. Bf4 Re8 13. Bd6 e5 14. Rfe1 Re6 15. Rad1 a6 16. a4 Ne8 17. Ba3 Ndf6 18. a5 Ba7 19. Rd8 Rb8 20. Nd5 Bd7 21. Nxf6+ Rxf6 22. Rxd7 Rf5 23. Bc5 e4 24. Bxa7 Ra8 25. Bxe4 Re5 26. Bd4 Nf6 27. Bxe5 Nxd7 28. Bxb7 Re8 29. Bc3 Rb8 30. Bc6 Nf8 31. Re8 Rxe8 32. Bxe8 Ne6 33. Bd7 Nc7 34. Nc5 Kf8 35. Bc8 Ke7 36. Nxa6 Ne8 37. Nc5 Kd6 38. b4 Nc7 39. a6 Kc6 40. Be5 1-0

[Event "GER-chT Lands U20"]
[Site "Neumuenster"]
[Date "2021.10.04"]
[Round "4.6"]
[White "Sickmann, Lisa"]
[Black "Blaufuss, Lena"]
[Result "1-0"]
[WhiteElo "1531"]
[BlackElo "1182"]
[PlyCount "75"]
[EventDate "2021.10.01"]
[EventType "team-swiss"]
[EventRounds "7"]
[EventCountry "GER"]
[SourceTitle "CBM 204 Extra"]
[Source "ChessBase"]
[SourceDate "2021.11.30"]
[SourceVersion "1"]
[SourceVersionDate "2021.11.30"]
[SourceQuality "1"]
[WhiteTeam "Schleswig Holstein"]
[BlackTeam "Thueringen"]
[WhiteTeamCountry "GER"]
[BlackTeamCountry "GER"]

1. e4 e5 2. Nf3 Nc6 3. Bb5 a6 4. Ba4 Nge7 5. 0-0 g6 6. c3 Bg7 7. d3 0-0 8. Re1 Re8 9. Nbd2 d6 10. Nf1 b5 11. Bb3 Na5 12. Bc2 Be6 13. b4 Nac6 14. a4 bxa4 15. Bxa4 a5 16. b5 Nb8 17. Be3 Rf8 18. d4 Qc8 19. Bb3 Kh8 20. Ng5 Bf6 21. Nxe6 fxe6 22. Qg4 d5 23. Bh6 Rg8 24. exd5 exd5 25. Qxc8 Rxc8 26. dxe5 Bg7 27. Bg5 Re8 28. Bxe7 Rxe7 29. Bxd5 Ra7 30. f4 h5 31. Ra2 a4 32. Rea1 Ra5 33. c4 Re8 34. Rxa4 Rxa4 35. Rxa4 Rf8 36. Ra8 Nd7 37. Rxf8+ Nxf8 38. Ne3 1-0

[Event "GER-ch U12 Girls"]
[Site "Willingen"]
[Date "2021.08.29"]
[Round "9"]
[White "Neininger, Sarah"]
[Black "Sickmann, Lisa"]
[Result "0-1"]
[WhiteElo "1434"]
[BlackElo "1462"]
[PlyCount "40"]
[EventDate "2021.08.22"]
[EventType "swiss"]
[EventRounds "9"]
[EventCountry "GER"]
[SourceTitle "EXT 2022"]
[Source "ChessBase"]
[SourceDate "2021.10.06"]
[SourceVersion "1"]
[SourceVersionDate "2021.10.06"]
[SourceQuality "1"]

1. e4 e5 2. Nf3 Nc6 3. Bc4 Bc5 4. c3 Nf6 5. d4 exd4 6. 0-0 Nxe4 7. cxd4 d5 8. dxc5 dxc4 9. Qe2 Qd3 10. Re1 f5 11. Nc3 0-0 12. Nxe4 fxe4 13. Qxe4 Bf5 14. Qh4 Rae8 15. Bf4 Nd4 16. Ne5 Qc2 17. Be3 Ne2+ 18. Rxe2 Qxe2 19. Nxc4 Re4 20. Qg3 Rxc4 0-1